00657nam a2200181Ia 4500008004000000020001800040082001300058100001900071245006400090250000500154260005100159300001700210650004100227690001500268906001100283999001900294952016200313210210b2002 xxu||||| |||| 00| 0 eng d a0 534 26425 5 a150 COOE aCOON (Dennis). aEssentials of psychology exploration and application. Ed 8. a aAustralia.bWadsworth Thomson Learning.,c2002 axlii,664,C-3 aExploration Application Psychology  aPsychology a057434 c104900d104900 001040708PsychologyaALbALcPsychologyd2021-02-17eBook World, Mangalore.g1182.00l1o150 COOEp057434r2022-04-27 00:00:00s2022-04-18w2021-02-17yBK